Qué es la familia y como educa a sus hijos? (Record no. 79589)

MARC details
000 -CABECERA
campo de control de longitud fija 00492nam a2200193 a 4500
005 - FECHA Y HORA DE LA ÚLTIMA TRANSACCIÓN
campo de control 20210219153537.0
008 - ELEMENTOS DE LONGITUD FIJA--INFORMACIÓN GENERAL
campo de control de longitud fija 991125n 000 0 spa u
035 ## - NÚMERO DE CONTROL DEL SISTEMA
Número de control de sistema UPN01000105654
100 ## - ASIENTO PRINCIPAL--NOMBRE PERSONAL
Nombre de persona CASTRO ALEGRET, Pedro L.
222 ## - TÍTULO CLAVE
Título clave PEDAGOGIA CUBANA
245 ## - MENCIÓN DE TÍTULO
Título Qué es la familia y como educa a sus hijos?
300 ## - DESCRIPCIÓN FÍSICA
Extensión 12-20
362 ## - FECHAS DE PUBLICACIÓN Y/O DESIGNACIÓN SECUENCIAL
Fecha de publicación y/o designación secuencial 1990 Año 2, no. 5 ene.-mar.
653 0# - TERMINO DE INDIZACION - NO CONTROLADO
Término no controlado FAMILIA
653 0# - TERMINO DE INDIZACION - NO CONTROLADO
Término no controlado NIÑOS
653 0# - TERMINO DE INDIZACION - NO CONTROLADO
Término no controlado PADRES
904 ## - ELEMENTOS DE DATOS D LOCAL, LDD (RLIN)
a AC
b 043465
905 ## - TIPO DE MATERIAL
Tipo de material Articulo

No items available.